000
00289nam a22001217a 4500
005
20230809122840.0
008
230809b |||||||| |||| 00| 0 eng d
082
_a
006.689
_b
REF-C
100
_a
Reference
245
_a
Corel Draw Graphic Suite X5
650
_a
Graphic design
999
_c
33225
_d
33225